000 01178naa a2200301 c 4500
001 42220
003 ES-MaCES
005 20150724120123.0
008 111024n2011 sp t 000 | spa d
035 _aCES20110011125v
040 _aES-MaCES
_bspa
_cES-MaCES
100 1 _aFabregat Monfort, Gemma
_911556
245 1 3 _aLa modificación sustancial del tiempo de trabajo regulado en convenio el art. 41 tras la reforma de la Ley 35/2010
_cGemma Fabregat Monfort
500 _aResumen
610 1 4 _aEspaña
_tLey de medidas urgentes para la reforma del mercado de trabajo
_d2010
_92998
650 4 _aresolución
_928949
650 4 _asentencia judicial
_929888
650 4 _alegislación del trabajo
_927166
650 4 _aflexibilidad del trabajo
_930174
650 4 _adeducciones del salario
_929989
650 4 _aconvenio colectivo
_928361
653 1 0 _aJurisprudencia
650 4 _929516
_areducción de la duración del trabajo
773 0 _tRelaciones laborales
_gaño 27, n. 17 (1 sept. 2011){10194 R. 080020}; p. 15-33
_w(ES-MaCES)25210
_943123
902 _aART Artículo de revista
942 _2CES
_cAR
_h6.2.
999 _c42220
_d42220